000 003090000a22000970004500
100 1 _aSpencer, William David
245 1 0 _aChrist's sacrifice as apologetic : An application of Heb 10:1-18
300 _aVol. 40, Num 2 (Junio, 1997), Páginas 189-198
773 0 _tJournal of the Theological Society
942 _cANA
999 _c54541
_d54541